|
|
|
|
| LEADER |
00848nam a2200193Ia 4500 |
| 001 |
CTU_161250 |
| 008 |
210402s9999 xx 000 0 und d |
| 082 |
|
|
|a 639.6
|
| 082 |
|
|
|b Ph557
|
| 100 |
|
|
|a Nguyễn, Thành Phước
|
| 245 |
|
0 |
|a Ảnh hưởng của mặt độ lên năng suất và hiệu quả kinh tế trong ao nuôi tôm sú thâm canh ở huyện Kiên Lương và thị xã Hà Tiên tỉnh Kiên Giang :
|
| 245 |
|
0 |
|b Cao học chuyên ngành Thủy sản
|
| 245 |
|
0 |
|c Nguyễn Thành Phước ; Cán bộ hướng dẫn: Trương Trọng Nghĩa
|
| 260 |
|
|
|a Cần Thơ
|
| 260 |
|
|
|b Trường Đại học Cần Thơ
|
| 260 |
|
|
|c 2005
|
| 650 |
|
|
|a Fish culture,Shrimp culture
|
| 904 |
|
|
|i Giang
|
| 980 |
|
|
|a Trung tâm Học liệu Trường Đại học Cần Thơ
|